[Event "BL 2017-18"]
[Site "Germany"]
[Date "2018.04.29"]
[Round "13.11"]
[White "Bischoff, Klaus"]
[Black "Ostrovskiy, Andrey"]
[Result "1-0"]
[WhiteElo "2511"]
[BlackElo "2434"]
[Annotator "TA"]
[PlyCount "89"]
[EventDate "2018.05.24"]
[EventType "team-tourn"]
[EventCountry "GER"]
[SourceTitle "playchess.com"]
[Source "ChessBase"]
[SourceQuality "1"]
[WhiteTeam "Bayern Muenchen"]
[BlackTeam "Norderstedt"]

{[%evp 9,89,5,42,26,31,27,28,27,36,18,22,24,24,23,23,0,9,0,0,0,24,0,0,-22,-29,-33,13,22,46,0,28,0,63,69,92,82,77,66,74,30,14,14,14,14,68,56,66,36,31,17,37,0,37,0,77,77,77,77,71,48,78,74,71,70,81,69,73,71,66,56,65,35,171,51,68,51,271,270,270,263,1304,1243]} 1. c4 Nf6 2. Nc3 e6 3. Nf3 Bb4 4. Qc2 O-O 5. e3 a5 $146 ({Predecessor:} 5... b6 6. Be2 Bb7 7. O-O d5 8. b3 Nbd7 9. Bb2 Re8 10. a3 Bf8 11. d4 c5 12. dxc5 bxc5 13. Rfd1 Rc8 14. Rac1 Qc7 15. Na4 {1-0 (37) Bok,B (2620)-Eggleston,D (2400) Douglas 2017}) 6. b3 {A17: English Opening: 1...Nf6 with ...Bb4} b6 7. Bb2 Bb7 8. Be2 {White has an edge.} Re8 9. a3 Bxc3 10. Qxc3 d6 11. d3 c5 12. g4 {[%cal Bg2g4,Bg4g5][%mdl 32]} e5 13. g5 Nfd7 14. Rg1 Nc6 15. Nd2 f5 16. gxf6 Nxf6 17. Bf3 d5 18. cxd5 Nd4 $1 19. e4 (19. Be4 $5) 19... Rf8 {[%cal Rf6d5] Strongly threatening ...Nxd5.} 20. Rg3 Ne8 (20... Qe8 $11) 21. Qc1 $14 Qf6 22. Bxd4 cxd4 23. a4 Ba6 24. Nc4 Bxc4 25. bxc4 Nd6 26. Ke2 {Qg5 is the strong threat.} Nb7 (26... Ra7 $11) 27. Qg5 Nc5 28. Qxf6 (28. h4 {seems wilder.} Rae8 29. Qxf6 Rxf6 30. Bg4 Ref8 31. f3) 28... Rxf6 29. Bg4 Raf8 30. f3 Rh6 31. Rg2 (31. h3 {with more complications.} g6 32. Rb1 Rb8 33. Rgg1 Kg7 34. Rb5) 31... Rd6 (31... Kf7 $11 {keeps the balance.}) 32. Be6+ Nxe6 33. dxe6 Rxe6 $16 {[%mdl 4096] Endgame KRR-KRR} 34. Rb1 Ref6 35. Rg3 Re6 36. Rb5 h6 37. Rd5 Rf7 38. h4 g6 39. Kf2 Kg7 40. Kg2 Rc7 {[#]} (40... h5 $14) 41. Rg4 ({White should play} 41. f4 $1 $18 {[%mdl 512]}) 41... Rf7 $1 $14 {[#]} 42. f4 $1 {[%cal Bf3f4,Bf4f5][%mdl 544]} h5 $2 (42... Rxf4 $14 43. Rxf4 exf4) (42... exf4 43. Kf3) 43. f5 $1 $18 {[%cal Rf5e6]} hxg4 44. fxe6 Rf3 $2 {[#]} (44... Rf6 45. Rxe5 Kf8) 45. Rd8 $1 {Precision: White = 55%, Black = 40%.} 1-0

[Event "BL 2017-18"]
[Site "Germany"]
[Date "2018.04.29"]
[Round "13.12"]
[White "Kopylov, Michael"]
[Black "Gabriel, Christian"]
[Result "1/2-1/2"]
[WhiteElo "2421"]
[BlackElo "2509"]
[Annotator "TA"]
[PlyCount "40"]
[EventDate "2018.05.24"]
[EventType "team-tourn"]
[EventCountry "GER"]
[SourceTitle "playchess.com"]
[Source "ChessBase"]
[SourceQuality "1"]
[WhiteTeam "Norderstedt"]
[BlackTeam "Bayern Muenchen"]

{[%evp 9,40,10,-4,-25,32,34,35,32,37,32,40,40,34,41,35,28,32,33,42,0,0,0,0,0,0,15,20,0,0,0,0,7,10]} 1. d4 d5 {[%cal Bd7d5,Bd5c4][%mdl 32]} 2. c4 dxc4 3. e4 Nc6 {[%cal Bb8c6,Bc6e5,Be5g6][%mdl 32]} 4. d5 Ne5 5. Bf4 Ng6 $1 {[%cal Rg6f4]} 6. Be3 {D20: Queen's Gambit Accepted: 3 e3 and 3 e4} e5 ({Black should play} 6... Nf6 $11) 7. Bxc4 a6 8. Ne2 {White is slightly better.} Nf6 9. f3 $1 Bd6 10. Nd2 Bd7 11. Rc1 $146 ({Predecessor:} 11. a3 O-O 12. O-O Qe7 13. Rc1 Bc5 14. Bxc5 Qxc5+ {½-½ (25) Dorfman,J (2613)-Gabriel,C (2540) Absam 2002}) 11... O-O 12. O-O Qe7 13. Nb3 Rfc8 14. Qe1 c6 {The position is equal.} 15. dxc6 Rxc6 16. Qf2 b5 17. Bd3 Rac8 18. a3 Be6 19. Rxc6 Rxc6 20. Rc1 Rxc1+ {Precision: White = 56%, Black = 76%.} 1/2-1/2

[Event "BL 2017-18"]
[Site "Germany"]
[Date "2018.04.30"]
[Round "14"]
[White "Rapport, Richard"]
[Black "Lupulescu, Constantin"]
[Result "1/2-1/2"]
[WhiteElo "2713"]
[BlackElo "2621"]
[Annotator "TA"]
[PlyCount "63"]
[EventDate "2018.05.24"]
[EventType "team-tourn"]
[EventCountry "GER"]
[SourceTitle "playchess.com"]
[Source "ChessBase"]
[SourceQuality "1"]
[WhiteTeam "Solingen"]
[BlackTeam "Aachen"]

{[%evp 10,63,17,11,28,35,18,11,35,34,39,27,37,51,31,16,16,16,32,0,31,0,13,-15,-16,-3,0,0,0,0,0,0,0,0,0,0,0,0,0,0,0,0,0,0,0,0,0,0,6,0,15,8,10,0,0,-130]} 1. Nf3 d5 2. b3 Bg4 3. e3 e6 4. Bb2 Nf6 5. h3 Bh5 6. d3 {LiveBook: 15 Games. A06: Réti Opening:1 Nf3 d5} (6. g4 Bg6 7. Ne5 Nfd7 8. Nxg6 hxg6 9. Bg2 Nf6 10. c4 c6 11. Qe2 Nbd7 12. Nc3 Bd6 13. Rd1 Qe7 {1-0 (95) Grischuk,A (2772)-Fressinet,L (2662) Riadh 2017}) 6... c5 7. g4 Bg6 8. Ne5 Nfd7 9. Nxg6 hxg6 10. Bg2 Nc6 $146 ({Predecessor:} 10... Qb6 11. Nd2 Nc6 12. c4 d4 13. Bxc6 Qxc6 {0-1 (36) Lovric,B (2350)-Jovanic,O (2504) Senj 2008}) 11. Qe2 Qc7 12. c4 d4 13. Na3 Be7 14. O-O Rd8 15. f4 O-O {The position is equal.} 16. Nc2 dxe3 17. g5 Nd4 18. Nxd4 cxd4 19. Bxd4 Nc5 $1 20. Bxe3 {And now d4 would win.} Nxd3 21. Rad1 Nb4 22. a3 ({Wrong is} 22. Bxa7 $2 b6 $19) 22... Nc6 23. c5 Qa5 24. Qc4 Rxd1 25. Rxd1 Rd8 26. Rxd8+ Bxd8 27. Qc1 Bc7 28. Be4 e5 29. b4 Qb5 30. Qd1 {[#] Bd3 is the strong threat.} Qc4 31. Bd5 Qc3 32. Qd2 {Precision: White = 59%, Black = 45%.} (32. Qb3 $11 {remains equal.} Qe1+ 33. Kg2 exf4 34. Bf2) 1/2-1/2

[Event "BL 2017-18"]
[Site "Germany"]
[Date "2018.04.30"]
[Round "14"]
[White "Inarkiev, Ernesto"]
[Black "Leko, Peter"]
[Result "1/2-1/2"]
[WhiteElo "2680"]
[BlackElo "2691"]
[Annotator "TA"]
[PlyCount "109"]
[EventDate "2018.05.24"]
[EventType "team-tourn"]
[EventCountry "GER"]
[SourceTitle "playchess.com"]
[Source "ChessBase"]
[SourceQuality "1"]
[WhiteTeam "Schwaebisch Hall"]
[BlackTeam "SF Deizisau"]

{[%evp 16,109,0,0,0,-25,0,0,3,1,0,0,8,0,1,3,24,10,27,31,27,20,27,26,25,18,19,20,27,27,43,28,36,26,29,25,20,14,28,31,84,61,68,13,27,0,0,0,106,0,0,0,22,24,24,27,21,20,31,-86,-78,-91,-89,-86,-89,-81,-89,-79,-20,-110,-8,-8,-8,-8,-8,-8,-17,-17,4,4,4,4,4,4,4,4,4,4,5,0,0,0,0,0,0,0]} 1. c4 c5 2. Nf3 Nf6 3. Nc3 Nc6 {[%cal Bb8c6,Bc6e5,Be5g4][%mdl 32]} 4. d4 cxd4 5. Nxd4 e6 6. g3 Qb6 7. Ndb5 Ne5 8. Bg2 a6 9. Qa4 Rb8 {A33: Symmetrical English: 2 Nf3 Nf6 3 d4 cxd4 4 Nxd4 e6 5 Nc3 Nc6} (9... Neg4 10. O-O Rb8 11. b4 axb5 12. Nxb5 Kd8 13. h3 Ne5 14. Bf4 d6 15. Qb3 Bd7 16. a4 Nxc4 17. Qxc4 Bxb5 18. Qxb5 Qxb5 19. axb5 {½-½ (56) Grandelius,N (2653)-Vachier Lagrave,M (2794) Germany 2018}) 10. Na3 Bc5 11. O-O {next Bf4 is good for White.} Neg4 {[%cal Rc5f2]} 12. e3 O-O 13. Rb1 Be7 14. b4 Qc7 $146 ({Predecessor:} 14... d6 15. Rd1 Bd7 16. Qc2 Rfc8 17. Qe2 {0-1 (44) Haller,P (2020)-Vannicola,R ICCF email 2011}) 15. Bb2 d6 16. Rbc1 b6 17. Qd1 Bb7 18. e4 Rbc8 19. Qe2 Ne5 20. Ncb1 Qb8 21. Nd2 Rfe8 22. Nc2 Qa8 23. a3 h6 24. f4 Ned7 25. Nd4 Bf8 26. Rf2 e5 27. Nf5 g6 {[#]} (27... a5 $14) 28. fxe5 $1 $16 dxe5 29. Ne3 $1 {Black should prevent Bh3.} a5 $1 30. Rcf1 {And now Bh3 would win.} axb4 31. axb4 Bg7 (31... Bxb4 $11 {keeps the balance.} 32. Rxf6 Nxf6 33. Rxf6 Qa2) 32. Nd5 (32. Bh3 $16 {aiming for Bxd7.} Rf8 33. Ra1) 32... Bxd5 $11 33. exd5 Qa2 34. Ne4 Nxe4 $1 35. Bxe4 f5 36. Bd3 Qb3 {White must now prevent ...e4.} 37. g4 (37. c5 $1 $14 {stays ahead.} bxc5 38. Bb5) 37... e4 $17 38. Bb1 e3 39. Rg2 Qxb2 (39... Qxc4 $6 40. Bd3 $11) (39... Qxb4 $2 40. Bxg7 Kxg7 41. gxf5 $16) 40. Qxb2 Bxb2 41. Rxb2 Ne5 ({Black should play} 41... Rxc4 $17 42. gxf5 Nf6 43. fxg6 Rd4) 42. d6 {[#]} (42. gxf5 $11 Nxc4 43. Rg2) 42... fxg4 ({Black should try} 42... Nf3+ $1 $17 {[%mdl 512]} 43. Kg2 (43. Rxf3 e2 $17) 43... e2 44. Rxe2 Rxe2+ 45. Kxf3 Rd2 46. gxf5 g5) 43. Bxg6 $11 {The position is equal.} Nf3+ ({Of course not} 43... Nxg6 $6 44. d7 $16) 44. Rxf3 $1 gxf3 45. Bxe8 Rxe8 {[%mdl 4096] Endgame KR-KR} 46. d7 $1 {[%cal Rd7e8]} Rd8 47. Rb3 e2 {[%cal Re2e1]} 48. Kf2 {Rd3 is the strong threat.} Rxd7 49. Rxf3 {White wants to play Rf6.} Re7 $132 {[%mdl 2048] Black is fighting back} 50. Ke1 Re4 51. Rc3 {Hoping for c5.} Kf7 52. Rc2 Rh4 53. c5 bxc5 54. bxc5 Rxh2 55. Rxe2 {Precision: White = 59%, Black = 53%.} 1/2-1/2

[Event "BL 2017-18"]
[Site "Germany"]
[Date "2018.04.30"]
[Round "14"]
[White "Fressinet, Laurent"]
[Black "Beerdsen, Thomas"]
[Result "1/2-1/2"]
[WhiteElo "2662"]
[BlackElo "2447"]
[Annotator "TA"]
[PlyCount "41"]
[EventDate "2018.05.24"]
[EventType "team-tourn"]
[EventCountry "GER"]
[SourceTitle "playchess.com"]
[Source "ChessBase"]
[SourceQuality "1"]
[WhiteTeam "Werder Bremen"]
[BlackTeam "Muelheim"]

{[%evp 21,41,77,86,10,19,-2,-4,-20,-18,-20,-11,-24,-28,-37,-38,-28,-28,-27,-27,-32,-31,-33]} 1. Nf3 Nf6 2. c4 b6 3. g3 Bb7 4. Bg2 e6 5. d4 {[%cal Bd2d4,Bd4d5][%mdl 32]} Be7 6. Nc3 Ne4 7. Bd2 f5 8. d5 Bf6 9. Qc2 O-O 10. Nxe4 {E17: Queen's Indian: 4 g3 Bb7 5 Bg2 Be7} fxe4 11. Qxe4 exd5 {[#] LiveBook: 3 Games} 12. cxd5 ({White should try} 12. Qc2 $1 $16) 12... Re8 $1 $11 {[%cal Re8e4]} 13. Qc2 Bxd5 14. O-O {Strongly threatening Ng5.} Be4 15. Qb3+ d5 {[%cal Bd7d5,Bd5d4][%mdl 32] [#]} 16. Rfd1 $146 ({Predecessor:} 16. Bc3 c5 17. Bxf6 Qxf6 {1-0 (37) Dolmatov,S (2590)-Groszpeter,A (2475) Minsk (Belarus) 1982}) 16... c5 17. Bc3 Bxc3 18. bxc3 Nc6 19. a4 Kh8 20. Nh4 d4 21. Nf3 {Precision: White = 52%, Black = 96%.} 1/2-1/2

[Event "BL 2017-18"]
[Site "Germany"]
[Date "2018.04.30"]
[Round "14"]
[White "Van Wely, Loek"]
[Black "Bindrich, Falko"]
[Result "1/2-1/2"]
[WhiteElo "2656"]
[BlackElo "2604"]
[Annotator "TA"]
[PlyCount "67"]
[EventDate "2018.05.24"]
[EventType "team-tourn"]
[EventCountry "GER"]
[SourceTitle "playchess.com"]
[Source "ChessBase"]
[SourceQuality "1"]
[WhiteTeam "Solingen"]
[BlackTeam "Aachen"]

{[%evp 15,67,19,21,-9,-23,-30,11,0,29,14,16,19,34,21,13,0,5,0,-7,-27,-20,-70,-12,-26,-16,-61,-56,-55,-7,-10,-18,-170,0,0,0,0,0,0,0,0,0,0,0,0,0,0,0,0,0,0,0,0,0,0]} 1. d4 d5 2. c4 e6 3. Nc3 Nf6 4. cxd5 Nxd5 5. e4 Nxc3 6. bxc3 c5 7. Rb1 Be7 {D35: Queen's Gambit Declined: Exchange Variation} 8. Nf3 O-O {LiveBook: 32 Games} 9. h4 {[%cal Bh2h4,Bh4h5,Bh5h6][%mdl 32]} cxd4 10. cxd4 Nc6 11. Bc4 $146 ({Predecessor:} 11. h5 f5 12. exf5 Qa5+ 13. Bd2 Qxf5 14. Bc3 h6 15. Bd3 {1-0 (41) Karjakin,S (2763)-Kramnik,V (2800) Berlin 2018}) 11... e5 12. d5 Na5 {[%cal Bc6a5,Ba5b7,Bb7c5,Bc5e4,Be4d2][%mdl 32]} 13. Be2 (13. Nxe5 $2 Bd6 $17) 13... Bd6 14. h5 b6 15. Nh4 Be7 16. g3 Nb7 17. Bb2 Nc5 18. h6 g5 (18... g6 $1 $15 19. Bxe5 Re8) 19. Nf3 Nxe4 {Strongly threatening ...Bc5.} 20. Nxe5 Bb4+ 21. Kf1 Nd2+ 22. Kg1 Bb7 ({Don't blunder} 22... Qxd5 $2 23. Bc4 $1 $18 {[%mdl 512]}) 23. Ng4 $2 {[#]} (23. Bf3 $11) 23... f5 $2 ({Black should try} 23... f6 $1 $19 24. Rh2 Nxb1 25. Qxb1 Bxd5 26. Nxf6+ Rxf6 27. Bxf6 Qxf6 28. Qxb4 Kh8) 24. Ne3 $11 {The position is equal.} Re8 $1 {[%cal Re8e3] Hoping for ...Rxe3.} (24... Nxb1 $2 25. Qd4 $18) 25. Rh5 Rxe3 $1 ({Wrong is} 25... Nxb1 $2 26. Qd4 $18) 26. fxe3 {d6! is the strong threat.} Qxd5 {[%csl Gb7][%cal Rd5g2]} ({Don't go for} 26... Nxb1 $2 27. Qd4 $18) 27. Rxg5+ Kf8 {[%csl Gb7][%cal Rd5g2] [#]} 28. Rxf5+ $1 {[%mdl 512]} Qxf5 29. Bg7+ Ke7 $1 {( -> ...Qh3)} 30. Rxb4 Qh3 {[%cal Rh3g3] [#]} 31. Bf6+ $1 {[%mdl 512]} Kf8 {[%cal Rh3g3]} (31... Kxf6 32. Qa1+) 32. Bg7+ Ke7 {[%cal Rh3g3] [#]} 33. Bf6+ $1 {[%mdl 512]} Kf8 {[%cal Rh3g3]} (33... Kxf6 34. Qa1+) 34. Bg7+ {Precision: White = 51%, Black = 68%.} 1/2-1/2

[Event "BL 2017-18"]
[Site "Germany"]
[Date "2018.04.30"]
[Round "14"]
[White "Piorun, Kacper"]
[Black "Gajewski, Grzegorz"]
[Result "0-1"]
[WhiteElo "2642"]
[BlackElo "2598"]
[Annotator "TA"]
[PlyCount "64"]
[EventDate "2018.05.24"]
[EventType "team-tourn"]
[EventCountry "GER"]
[SourceTitle "playchess.com"]
[Source "ChessBase"]
[SourceQuality "1"]
[WhiteTeam "SFR Berlin"]
[BlackTeam "Dresden"]

{[%evp 9,64,-13,-6,-13,-7,-23,0,-21,-12,-65,-29,-97,-94,-168,-151,-156,-150,-255,-184,-196,-160,-163,-163,-158,-164,-164,-161,-243,-239,-237,-241,-241,-235,-241,-229,-218,-241,-223,-233,-234,-227,-217,-205,-282,-291,-285,-289,-388,-383,-568,-570,-29982,-29983,-29974,-5879,-1701,-763]} 1. c4 Nf6 2. g3 e6 3. Nf3 d5 4. b3 d4 5. e3 (5. Bg2 Nc6 6. O-O e5 7. d3 Bc5 8. b4 Nxb4 9. Nxe5 O-O 10. a3 Na6 11. Nd2 Re8 12. Nef3 Bd6 {½-½ (37) Kasparov,G (2812)-So,W (2773) Saint Louis 2016}) 5... Nc6 6. exd4 {A13: English Opening: 1...e6} Nxd4 7. Bg2 Bc5 8. Bb2 {[#]The position is equal.} e5 $146 {[%cal Be6e5,Be5e4][%mdl 544]} ({Predecessor:} 8... O-O 9. O-O e5 {½-½ (9) Gausel,E (2520)-Fyllingen,R (2374) Trondheim 2004}) 9. b4 ({White should try} 9. Nxe5 $11 O-O 10. O-O) 9... Nxf3+ 10. Bxf3 (10. Qxf3 $11 Bg4 11. Qxb7) 10... Bd4 $36 {[%mdl 2048] White is under strong pressure.} 11. Qb3 (11. Bxd4 $17 {was called for.} Qxd4 12. Nc3) 11... Bh3 $1 $19 12. Bxb7 O-O $1 13. Bf3 (13. Nc3 $17) 13... e4 14. Be2 c5 15. Bxd4 cxd4 ({Don't do} 15... Qxd4 16. Qc3 $15) 16. Bf1 Qd7 17. Na3 Bxf1 18. Rxf1 (18. Kxf1 $142 Ng4 19. Kg2) 18... a5 19. b5 a4 20. Qb2 Ng4 $1 21. O-O-O {[#]} Ne5 $1 {[%cal Re5d3]} 22. d3 Nxd3+ 23. Rxd3 exd3 24. Qd2 {[#]} Qf5 $1 25. Rd1 Rfe8 26. Qxd3 Qxf2 27. Rd2 Qe1+ 28. Kb2 Rad8 {aiming for ...Re3.} 29. Nc2 {[#]} (29. Qc2 $142) 29... a3+ $1 30. Kxa3 Qb1 {[%cal Rd8a8]} 31. Nb4 Re3 32. Qxe3 Ra8+ {Precision: White = 45%, Black = 76%.} 0-1

[Event "BL 2017-18"]
[Site "Germany"]
[Date "2018.04.30"]
[Round "14"]
[White "Parligras, Mircea-Emilian"]
[Black "Ragger, Markus"]
[Result "1/2-1/2"]
[WhiteElo "2638"]
[BlackElo "2666"]
[Annotator "TA"]
[PlyCount "58"]
[EventDate "2018.05.24"]
[EventType "team-tourn"]
[EventCountry "GER"]
[SourceTitle "playchess.com"]
[Source "ChessBase"]
[SourceQuality "1"]
[WhiteTeam "Aachen"]
[BlackTeam "Solingen"]

{[%evp 15,58,0,12,18,18,19,15,14,6,0,26,0,0,0,0,0,0,0,0,0,0,0,0,0,0,-14,0,0,0,0,0,0,0,0,11,10,10,11,11,0,0,0,0,-8,-7]} 1. d4 Nf6 2. c4 g6 3. Nc3 d5 4. cxd5 Nxd5 5. e4 Nxc3 6. bxc3 Bg7 7. Nf3 c5 8. h3 O-O 9. Be3 {D85: Exchange Grünfeld: Unusual White 7th moves and lines with 7 Nf3} Qa5 {[#] ...cxd4 is the strong threat.} 10. Bd2 e6 11. Be2 Qa3 $146 ({Predecessor:} 11... Qc7 12. O-O b6 13. Rc1 Bb7 14. Bd3 Nd7 15. Qe2 Rac8 16. Ba6 Nb8 17. Bxb7 Qxb7 {½-½ (34) Grachev,B (2645)-Ragger,M (2659) Antalya 2017}) 12. O-O b6 13. Qb3 Qxb3 {The position is equal.} 14. axb3 Bb7 15. dxc5 bxc5 16. Ra5 Rc8 17. Rfa1 Bxe4 18. Rxa7 Rxa7 19. Rxa7 Nc6 20. Ra6 Nb8 21. Ra4 Bd5 22. c4 Bc6 23. Ra7 Nd7 24. Be3 Kf8 25. Ng5 {Threatening Bf3.} h6 {[%cal Bh7h6,Bh6g5,Bg5f4][%mdl 32]} 26. Bf3 Bxf3 27. Rxd7 hxg5 28. gxf3 Bf6 29. f4 gxf4 {Precision: White = 72%, Black = 79%.} 1/2-1/2

[Event "BL 2017-18"]
[Site "Germany"]
[Date "2018.04.30"]
[Round "14"]
[White "Van Foreest, Jorden"]
[Black "Harikrishna, P.."]
[Result "0-1"]
[WhiteElo "2636"]
[BlackElo "2727"]
[Annotator "TA"]
[PlyCount "76"]
[EventDate "2018.05.24"]
[EventType "team-tourn"]
[EventCountry "GER"]
[SourceTitle "playchess.com"]
[Source "ChessBase"]
[SourceQuality "1"]
[WhiteTeam "Aachen"]
[BlackTeam "Solingen"]

{[%evp 17,76,9,22,26,27,26,33,41,47,32,60,35,22,26,52,58,50,0,0,0,0,0,0,0,-5,-36,-14,-40,-45,-31,-42,-35,-34,-20,-26,-108,-91,-130,-133,-122,-64,-150,-87,-221,-222,-222,-222,-216,-225,-230,-201,-316,-350,-449,-454,-506,-501,-503,-497,-532,-520]} 1. e4 e5 2. Nf3 Nc6 3. Bc4 Bc5 4. O-O Nf6 5. d3 h6 6. c3 d6 7. Re1 O-O 8. h3 a5 {C54: Giuoco Piano: 4 c3 Nf6, main lines with 5 d4 and 5 d3} (8... a6 9. a4 Re8 10. b4 Ba7 11. Nbd2 Be6 12. Bxe6 Rxe6 13. Qc2 Qd7 14. Nf1 Ne7 15. Ng3 Ng6 16. c4 {½-½ (45) Karjakin,S (2763)-Anand,V (2776) Moscow 2018}) 9. Nbd2 {[%cal Bb1d2,Bd2f1,Bf1g3][%mdl 32]} Ba7 {LiveBook: 3 Games} 10. Nf1 Ne7 {White has an edge.} 11. Ng3 $146 ({Predecessor:} 11. d4 Ng6 12. Ng3 exd4 13. Nxd4 Nxe4 14. Nxe4 {0-1 (33) Schwaegli,B (2276)-Loetscher,R (2429) Switzerland 2016}) 11... Ng6 12. Bb3 b5 13. d4 Re8 14. Bc2 c5 15. Be3 Bb7 16. dxe5 dxe5 17. Qc1 c4 $1 18. Bxa7 Rxa7 19. Qe3 Ra6 {[%cal Ba7a6,Ba6c6,Bc6c3,Bc3b3][%mdl 32]} 20. b3 cxb3 21. axb3 Rc6 22. Qa7 Qc7 23. Qxa5 Qxa5 24. Rxa5 Rxc3 25. Bd1 Bc6 26. Be2 (26. Ra6 $11 {keeps the balance.}) 26... Rxb3 $17 27. Rc1 {[#]} Bd7 $1 ({Much worse is} 27... Bxe4 $6 28. Nxe4 Nxe4 29. Bxb5 $11) 28. Rc5 {[%cal Re2b5]} b4 ({Black should play} 28... Rb8 $17 {Hoping for ...Rb1+.} 29. Rc7 b4) 29. Bb5 (29. Bc4 $15 Rb1+ 30. Nf1) 29... Ra3 (29... Rb8 $142 {And now ...Bxh3! would win.} 30. Bxd7 Nxd7) 30. Bxd7 (30. Bc4 $17 {is the only way for White.}) 30... Nxd7 $19 31. Rxa3 {[#] Threatens to win with Raa5.} Nxc5 ({Weaker is} 31... bxa3 32. Ra5 $11) 32. Ra5 Nd3 33. Rb5 Ngf4 34. Nf5 (34. Kh2 $142) 34... Ne2+ 35. Kf1 Nc3 $1 {[%csl LRb5,LRe4] Black is clearly winning.} 36. Rb7 Ra8 {( -> ...Ra1+)} 37. Kg1 Nxe4 38. Ne7+ Kh7 {Precision: White = 48%, Black = 62%.} 0-1

[Event "BL 2017-18"]
[Site "Germany"]
[Date "2018.04.30"]
[Round "14"]
[White "Cornette, Matthieu"]
[Black "Meier, Georg"]
[Result "1/2-1/2"]
[WhiteElo "2618"]
[BlackElo "2636"]
[Annotator "TA"]
[PlyCount "41"]
[EventDate "2018.05.24"]
[EventType "team-tourn"]
[EventCountry "GER"]
[SourceTitle "playchess.com"]
[Source "ChessBase"]
[SourceQuality "1"]
[WhiteTeam "Schwaebisch Hall"]
[BlackTeam "SF Deizisau"]

{[%evp 23,41,0,18,11,19,12,31,0,20,2,16,15,37,34,60,17,16,0,0,-1]} 1. e4 e6 2. d4 d5 3. exd5 exd5 4. Nf3 c6 5. Bd3 {[%cal Bf1d3,Bd3c4,Bc4b3][%mdl 32]} Bd6 6. O-O Ne7 7. c4 O-O 8. Nc3 dxc4 9. Bxc4 Nd7 {[%cal Bb8d7,Bd7b6,Bb6d5][%mdl 32] C01: French: Exchange Variation} 10. h3 Nb6 11. Bb3 Nbd5 (11... Ned5 12. Re1 Bf5 13. Ne5 Bxe5 14. Rxe5 Qd7 15. Qf3 {1-0 (44) Carlsen,M (2832)-Jobava,B (2707) Leuven 2017}) 12. Re1 Bf5 {LiveBook: 4 Games} 13. Bg5 f6 14. Bd2 $146 ({Predecessor:} 14. Bh4 Kh8 {½-½ (29) Auburger,P-Willim,M (2134) Forchheim 2010}) 14... Qd7 15. Ne4 Bxe4 16. Rxe4 Rfe8 17. Qe2 Ng6 18. Re1 Kf7 19. Rxe8 Rxe8 20. Qxe8+ Qxe8 21. Rxe8 1/2-1/2

[Event "BL 2017-18"]
[Site "Germany"]
[Date "2018.04.30"]
[Round "14"]
[White "Bluebaum, Matthias"]
[Black "Laznicka, Viktor"]
[Result "0-1"]
[WhiteElo "2616"]
[BlackElo "2657"]
[Annotator "TA"]
[PlyCount "90"]
[EventDate "2018.05.24"]
[EventType "team-tourn"]
[EventCountry "GER"]
[SourceTitle "playchess.com"]
[Source "ChessBase"]
[SourceQuality "1"]
[WhiteTeam "SF Deizisau"]
[BlackTeam "Schwaebisch Hall"]

{[%evp 22,90,31,49,47,36,36,36,45,37,52,31,50,11,18,17,24,25,35,37,31,16,43,24,42,39,49,37,43,38,72,74,76,0,0,0,3,-392,-75,-62,-60,-50,-65,-271,-278,-242,-263,-322,-331,-581,-681,-754,-677,-897,-888,-1337,-1296,-1152,-1115,-1529,-1508,-1478,-1444,-29990,-1653,-29991,-29990,-29994,-29995,-29995,-29996]} 1. d4 d5 2. c4 c6 3. Nc3 Nf6 4. e3 a6 5. Qc2 b5 6. b3 Bg4 7. Nge2 Bh5 {D10: Slav Defence: 3 cxd5 (without early Nf3) and 3 Nc3} (7... e6 8. Ng3 Bd6 9. h3 Bh5 10. Nxh5 Nxh5 11. g4 Nf6 12. g5 Ng8 13. h4 h6 14. e4 dxe4 15. Bg2 hxg5 16. hxg5 Rxh1+ 17. Bxh1 bxc4 18. bxc4 {1-0 (24) Duda,J (2693)-Kharchenko,B (2468) Minsk 2017}) 8. Nf4 Bg6 9. Nxg6 hxg6 10. Be2 Nbd7 11. h3 e6 12. O-O {LiveBook: 22 Games} Be7 13. a3 O-O 14. Bb2 Qc7 $146 ({Predecessor:} 14... Qb6 15. a4 b4 {1-0 (34) Sergienko,S (2435)-Nebolsina,V (2073) Serpukhov 2004}) 15. Rac1 {[%cal Rc4b5]} Rac8 16. Bd3 Qb8 17. Qe2 Rfe8 18. cxd5 exd5 19. Qf3 Nf8 20. g3 Ne6 21. h4 Bd6 22. Kg2 a5 23. Rc2 Rc7 24. Rfc1 Qd8 25. a4 b4 26. Nb1 g5 27. hxg5 ({White should try} 27. h5 $16) 27... Nxg5 $11 28. Qf5 Nge4 29. Rxc6 $2 {[%mdl 8192] [#]} (29. Bxe4 $11 {and White is okay.} Nxe4 30. Nd2 (30. Rxc6 Nxg3 31. Qxd5 Rxc6 $17)) 29... Nxg3 $2 (29... Rxc6 $19 {has better winning chances.} 30. Rxc6 g6) 30. Qh3 $17 ({Not} 30. fxg3 $2 Rxe3 31. Rxc7 Bxc7 $19) 30... Rxc6 31. Rxc6 Nge4 32. f3 $2 (32. Bc1 $15) 32... Ng5 $1 $19 {[%csl LRe3,LRh3]} 33. Qf5 Ne6 ({Don't go for} 33... Rxe3 $2 34. Rc8 $18) 34. Bc1 Bb8 35. Bb5 $2 (35. Qh3 {is a better defense.} g6 36. Ba6) 35... g6 36. Qc2 Kg7 37. Nd2 Nh5 38. Nf1 Qg5+ 39. Kf2 Qh4+ 40. Kg1 Ng5 {[#] ...Nf4! is the strong threat.} 41. Qg2 Nh3+ 42. Kh1 Bg3 (42... Ng3+ $142 43. Nxg3 Bxg3 44. Bc4 Nf4+ 45. Kg1 Nxg2 46. Rc7 Qh2+ 47. Kf1 Qh1+ 48. Ke2 Qe1+ 49. Kd3 Qd1+ 50. Bd2 Rxe3#) 43. Nh2 Bxh2 {Black mates.} 44. Qxh2 Qe1+ 45. Kg2 Qf2+ {Precision: White = 42%, Black = 51%.} 0-1